000 00892cam a22002053a 4500
001 40236
003 PGUSA
005 20140828083909.0
008 120714s2012||||xxu|||||s|||||000 | eng d
040 _aPGUSA
_beng
042 _adc
100 1 _aFranklin, Benjamin,
_d1706-1790
245 1 0 _aMemoirs of Benjamin Franklin; Written by Himself, Volume II (of 2) :
_bWith his Most Interesting Essays, Letters, and Miscellaneous Writings; Familiar, Moral, Political, Economical, and Philosophical, Selected with Care from All His Published Productions, and Comprising Whatever Is Most Entertaining and Valuable to the General Reader
_h[electronic resource] /
_cBenjamin Franklin
260 _bProject Gutenberg,
_c2012
506 _aPublic domain in the USA.
516 _aElectronic text
830 0 _aProject Gutenberg
_v40236
856 4 0 _uhttp://www.gutenberg.org/ebooks/40236
942 _cEB
999 _c269489
_d269489